00600nam a2200145Ia 4500003000900000005001700009008004100026040002800067110006300095245008800158260008100246300004500327650005100372650003100423DO-SdBJH20180416153553.0180414s9999 dr 000 0 spa d aDO-SdBJHbspacDO-SdBJH aInstituto de Cooperación para la Seguridad Hemisférica10a100-3 Libro de batalla / Instituto de Cooperación para la Seguridad Hemisférica aFuerte Benning, Georgia : Cuartel General Secretaría del Ejército, 2001 aiv, 454 páginas en varias paginaciones 4a1 -- Operaciones militares -- Campo de batalla 4aOrganización -- Doctrina